¿Presidencialismo u oligarquía?: algunas reflexiones sobre la estructura política mexicana /
Sparad:
| Huvudupphovsman: | |
|---|---|
| Materialtyp: | Text |
| Ämnen: | |
| Taggar: |
Lägg till en tagg
Inga taggar, Lägg till första taggen!
|
MARC
| LEADER | 00000 a a2200000 04500 | ||
|---|---|---|---|
| 001 | 41779 | ||
| 003 | |||
| 040 | |||
| 100 | |a Hernández, Rogelio | ||
| 245 | |a ¿Presidencialismo u oligarquía?: |b algunas reflexiones sobre la estructura política mexicana / |c Rogelio Hernández | ||
| 650 | |a PODER POLITICO | ||
| 650 | |a PARTIDOS POLITICOS | ||
| 650 | |a MEXICO | ||
| 650 | |a PRESIDENCIA | ||
| 650 | |a BURGUESIA | ||
| 773 | |g volumen9, número35 ( , 1978), páginas 53-86 | ||
| 999 | |c 27584 |d 27584 | ||
